Artificios

Libro basado en 9 cuentos. Es parte de la obra “Ficciones”, que se compone de otra sección llamada “El jardín de senderos que se bifurcan”. Los relatos encontrados en esta obra maestra de Borges, mantienen una línea de lo fantástico y se pueden encontrar algunas de sus obsesiones como lo policial, l...

पूर्ण विवरण

में बचाया:
ग्रंथसूची विवरण
मुख्य लेखक: Borges, Jorge Luis
स्वरूप: पुस्तक
भाषा:Undetermined
प्रकाशित: Madrid, España Alianza Cien 1993
विषय:
टैग: टैग जोड़ें
कोई टैग नहीं, इस रिकॉर्ड को टैग करने वाले पहले व्यक्ति बनें!

MARC

LEADER 00000nam a2200000Ia 4500
008 170316s9999 xx 000 0 und d
040 |a cru BVZT 
090 |a 860 B-32a 
100 |a Borges, Jorge Luis  |9 1174 
245 |a Artificios  |c / Jorge Luis Borges 
260 |a Madrid, España  |b Alianza Cien  |c 1993 
300 |a 87 páginas 
520 |a Libro basado en 9 cuentos. Es parte de la obra “Ficciones”, que se compone de otra sección llamada “El jardín de senderos que se bifurcan”. Los relatos encontrados en esta obra maestra de Borges, mantienen una línea de lo fantástico y se pueden encontrar algunas de sus obsesiones como lo policial, la muerte, el ajedrez mezclado con su pasión por los libros 
650 |a LITERATURA LATINOAMERICANA  |9 15 
999 |c 8422  |d 8422 
942 |c 15 D  |h 860 B-32a  |2 z